[Event "Titled Tue 26th Aug Late"]
[Site "chess.com INT"]
[Date "2025.08.26"]
[Round "6"]
[White "Dylag, Emilia"]
[Black "Haarh, Simon Bjork"]
[Result "1-0"]
[WhiteTitle "WFM"]
[BlackTitle "CM"]
[WhiteElo "2078"]
[BlackElo "2195"]
[WhiteFideId "21805172"]
[BlackFideId "1470515"]
[EventDate "2025.08.26"]

1. d4 Nf6 2. c4 e6 3. Nc3 Bb4 4. e3 c5 5. Ne2 O-O 6. a3 Bxc3+ 7. Nxc3 d6 8. Be2
b6 9. Bf3 cxd4 10. Bxa8 dxc3 11. bxc3 Qc7 12. O-O Nc6 13. Bxc6 Qxc6 14. Qd3 Bb7
15. f3 Rc8 16. e4 Ba6 17. Rd1 Ne8 18. Bf4 Bxc4 19. Qd2 d5 20. exd5 Bxd5 21. Be5
h6 22. Rab1 Nd6 23. Bxd6 Qxd6 24. Rdc1 Qxa3 25. Ra1 Qc5+ 26. Qf2 Qc7 27. Qd4 Bc4
28. Ra4 a6 29. Rb1 Bb5 30. Ra3 Rd8 31. Qf2 Rd3 32. Rc1 Qd6 33. Raa1 Rd2 34. Qe3
Rd3 35. Qf2 e5 36. c4 Bd7 37. h3 a5 38. Rab1 Rd2 39. Qxb6 Qd3 40. Qb8+ Kh7 41.
Qxe5 Bf5 42. Ra1 Re2 43. Qg3 Qe3+ 44. Kh1 Qc5 45. Re1 Rxe1+ 46. Qxe1 Qxc4 47.
Rxa5 Bg6 48. Re5 Qc3 49. Re3 Qf6 50. Kh2 Qf4+ 51. g3 Qc7 52. Kg2 Qc6 53. g4 f5
54. Qd2 fxg4 55. hxg4 Qc5 56. Qf2 Qc4 57. f4 Bf7 58. Kg3 Bd5 59. Qe2 Qd4 60.
Qd3+ Qxd3 61. Rxd3 Bf7 62. Rd7 Be6 63. Re7 Bb3 64. f5 Kg8 65. Re8+ Kf7 66. Rb8
Bc2 67. Rb7+ Kf6 68. Kf4 Bd3 69. Rb6+ Kf7 70. Ke5 Be2 71. Rb7+ Kf8 72. Kf4 Bd1
73. g5 hxg5+ 74. Kxg5 Bc2 75. Rc7 Be4 76. Kg6 Bd3 77. Rf7+ Kg8 78. Rxg7+ Kf8 79.
Rd7 Bc4 80. Kf6 Ke8 81. Rc7 Bb5 82. Kg7 Bd3 83. f6 Kd8 84. Rc3 1-0

[Event "Titled Tue 26th Aug Late"]
[Site "chess.com INT"]
[Date "2025.08.26"]
[Round "6"]
[White "Gorbenko, Rustem"]
[Black "Jahnz, Laurin"]
[Result "1/2-1/2"]
[WhiteTitle "CM"]
[BlackTitle "CM"]
[WhiteElo "2201"]
[BlackElo "2219"]
[WhiteFideId "14111438"]
[BlackFideId "16261089"]
[EventDate "2025.08.26"]

1. d4 d5 2. c4 e6 3. Nc3 c6 4. e4 dxe4 5. Nxe4 Nd7 6. Nf3 Ngf6 7. Bd3 Bb4+ 8.
Bd2 Qe7 9. O-O Bxd2 10. Qxd2 Nxe4 11. Bxe4 O-O 12. Rfe1 Nf6 13. Bc2 b5 14. c5 a5
15. Ne5 Bb7 16. a3 Rfd8 17. b4 h6 18. Qd3 Rd5 19. Bb3 Rdd8 20. Rad1 axb4 21.
axb4 Ra3 22. Ra1 Rda8 23. Qc3 Nd5 24. Qb2 Rxa1 25. Rxa1 Rxa1+ 26. Qxa1 Nxb4 27.
Qa5 Nd5 28. Bxd5 exd5 29. Qb6 f6 30. Nf3 Qd7 31. h3 Bc8 32. Ne1 Kf7 33. Nc2 Qb7
34. Qd8 Qa6 35. Kh2 Qb7 36. Nb4 Bd7 37. Qb6 Qc8 38. g3 h5 39. h4 Qe8 40. Qc7 Qe6
41. Kg1 Qe1+ 42. Kg2 Qe6 43. Kg1 Kg6 44. Kf1 Qh3+ 45. Kg1 Qe6 46. Kg2 Kh7 47.
Kh2 Kh6 48. Kg2 Qe4+ 49. Kh2 Qxd4 50. Nxc6 Qxf2+ 51. Kh1 Bg4 52. Qf4+ Qxf4 53.
gxf4 Kg6 54. Nd4 b4 55. c6 Kf7 56. Kg2 Ke7 57. Kf2 Kd6 58. Ke3 Bc8 59. Kd2 Ba6
60. Kc2 Bc4 61. Kb2 Ba6 62. Nf5+ Kxc6 63. Nxg7 Kc5 64. Nxh5 d4 65. Nxf6 d3 66.
h5 Kd4 67. h6 Ke3 68. h7 d2 69. h8=Q d1=Q 70. Qe8+ Kxf4 71. Nh5+ Kg5 72. Qg8+
Kxh5 73. Qh7+ Kg5 74. Qg7+ Kf5 75. Qf7+ Ke5 76. Qe7+ Kf4 77. Qf6+ Ke3 78. Qxa6
Qd2+ 79. Kb3 Qc3+ 80. Ka2 b3+ 81. Ka3 b2+ 82. Ka2 Kd2 83. Qd6+ Kc1 84. Qf4+ Kc2
85. Qe4+ Kd2 86. Qg2+ Kd3 87. Qxb2 Qxb2+ 88. Kxb2 1/2-1/2

[Event "Titled Tue 26th Aug Late"]
[Site "chess.com INT"]
[Date "2025.08.26"]
[Round "6"]
[White "Papasimakopoulos, Alexandros"]
[Black "Aalto, Patrik"]
[Result "1-0"]
[WhiteTitle "IM"]
[BlackTitle "FM"]
[WhiteElo "2361"]
[BlackElo "2335"]
[WhiteFideId "4244125"]
[BlackFideId "510726"]
[EventDate "2025.08.26"]

1. d4 Nf6 2. c4 e6 3. Nc3 Bb4 4. Qc2 O-O 5. a3 Bxc3+ 6. Qxc3 d5 7. Nf3 dxc4 8.
Qxc4 b6 9. Bg5 Ba6 10. Qa4 Qd7 11. Qc2 Qc6 12. Qxc6 Nxc6 13. Rc1 Bb7 14. Bxf6
gxf6 15. e3 Rac8 16. Bb5 Nb8 17. Rc3 a6 18. Be2 Nd7 19. Kd2 c5 20. Rhc1 cxd4 21.
exd4 Rxc3 22. bxc3 b5 23. a4 bxa4 24. Ra1 Nb6 25. Rb1 Bxf3 26. Rxb6 Bxg2 27.
Rxa6 e5 28. Rxa4 Rd8 29. f3 Kg7 30. Ke3 Bh3 31. Bc4 exd4+ 32. cxd4 Be6 33. Bd3
Bd5 34. Be4 Re8 35. Kf4 Bb3 36. Rb4 Ba2 37. Rb2 Bc4 38. Rc2 Bb3 39. Rg2+ Kf8 40.
Rb2 Bc4 41. Rb4 Ba2 42. Bxh7 Rd8 43. Be4 Ke7 44. h4 Rh8 45. Kg3 Kd6 46. Rb6+ Ke7
47. d5 Rd8 48. Rb7+ Kd6 49. Rxf7 Bxd5 50. Bxd5 Kxd5 51. Rxf6 Ke5 52. Rg6 Kf5 53.
Rg5+ Kf6 54. Ra5 Kg7 55. Kg4 Rd1 56. Ra7+ Kg6 57. Ra6+ Kg7 58. f4 Rb1 59. Kg5
Rg1+ 60. Kf5 Rb1 61. Ra7+ Kh6 62. Kf6 Rb6+ 63. Ke5 Rb5+ 64. Ke6 Rb6+ 65. Kf5
Rb5+ 66. Kg4 Rb1 67. Ra6+ Kg7 68. h5 Rc1 69. Kg5 Rg1+ 70. Kf5 Rb1 71. Ra5 Rb2
72. Ra8 Rb1 73. Re8 Rb2 74. Re6 Rb1 75. Kg5 Rg1+ 76. Kh4 Ra1 77. h6+ Kh7 78. Kg5
Rg1+ 79. Kf6 Kxh6 80. f5 Ra1 81. Kf7+ Kh7 82. f6 Ra8 83. Re7 Rb8 84. Re8 Rb7+
85. Re7 Rb8 86. Ra7 Rc8 87. Ke7 Kg6 88. Rd7 Ra8 89. Rb7 Rc8 90. Rb1 Rc7+ 91. Ke6
Rc6+ 92. Ke7 Rc7+ 93. Kd6 Rf7 94. Ke5 Ra7 95. Rg1+ Kh6 96. Rf1 Kh7 97. f7 Ra8
98. f8=Q Rxf8 99. Rxf8 Kg7 100. Rf4 Kg6 101. Rf5 Kg7 102. Rf6 Kh7 103. Kf5 Kg7
104. Kg5 Kh7 105. Rf7+ Kg8 106. Kg6 Kh8 107. Rf8# 1-0

[Event "Titled Tue 26th Aug Late"]
[Site "chess.com INT"]
[Date "2025.08.26"]
[Round "6"]
[White "Khadour, Ismael"]
[Black "Manukian, Artak"]
[Result "0-1"]
[WhiteTitle "FM"]
[WhiteElo "1992"]
[BlackElo "2104"]
[WhiteFideId "7601930"]
[BlackFideId "13301373"]
[EventDate "2025.08.26"]

1. e4 c6 2. d4 d5 3. Nc3 dxe4 4. Nxe4 Nf6 5. Nxf6+ exf6 6. c3 Bd6 7. Bd3 O-O 8.
Qc2 h5 9. Ne2 Qc7 10. Be3 c5 11. O-O-O c4 12. Bf5 g6 13. Bxg6 fxg6 14. Qxg6+ Qg7
15. Qxh5 Qf7 16. Qh4 Bf5 17. g4 Bh7 18. f4 Re8 19. Qg3 Qd5 20. g5 fxg5 21. Rhg1
Kh8 22. Qxg5 Qxg5 23. fxg5 Rxe3 24. g6 Rxe2 25. gxh7 Nc6 26. Rdf1 Re7 27. Rf6
Bxh2 28. Rg2 Rxh7 29. d5 Ne5 30. d6 Rd8 31. Rf5 Nd3+ 32. Kd2 Bxd6 33. b3 Nf4 34.
Rg4 cxb3 35. axb3 Bc7+ 36. Kc2 Nd5 37. Re4 Ne3+ 38. Rxe3 Bb6 39. Re2 Rg8 40. c4
Bd4 41. Kd3 Rh4 42. Rd5 Rg3+ 43. Kc2 Rc3+ 44. Kd1 Rxb3 45. Rd7 Bg7 46. Re8+ Kh7
47. Ree7 Rg4 48. Rxb7 Rxb7 49. Rxb7 a5 50. Ra7 Rg5 51. Kc2 Kg6 52. Kb3 Bf8 53.
Ka4 Bb4 54. Rb7 Rc5 55. Kb3 Kf5 56. Rd7 Ke4 57. Rd1 Re5 58. Rd8 Ke3 59. Rd7 Ke2
60. Rd8 Re3+ 61. Ka4 Re4 62. Kb5 Re5+ 63. Ka4 Rc5 64. Rd4 Bc3 65. Rh4 Kd3 66.
Kb3 Bd4 67. Rh3+ Be3 68. Rh2 Rc8 69. Rh3 Rb8+ 70. Ka4 Ra8 71. c5 Ke4 72. c6 Bf4
73. Rh5 Rc8 74. Rxa5 Rxc6 75. Kb5 Rd6 76. Ra4+ Kf5 77. Kc5 Re6 78. Kd5 Be5 79.
Ra2 Rd6+ 80. Kc5 Ke6 81. Re2 Rd1 82. Re1 Rxe1 0-1

[Event "Titled Tue 26th Aug Late"]
[Site "chess.com INT"]
[Date "2025.08.26"]
[Round "6"]
[White "Pontes, Luiz Felizola Lima"]
[Black "Lemos, Dawton Almino"]
[Result "1/2-1/2"]
[BlackTitle "FM"]
[WhiteElo "1871"]
[BlackElo "2172"]
[WhiteFideId "44709919"]
[BlackFideId "2146797"]
[EventDate "2025.08.26"]

1. e4 e6 2. d4 d5 3. Nd2 c5 4. exd5 exd5 5. Ngf3 Nf6 6. Bb5+ Nc6 7. Qe2+ Be7 8.
O-O O-O 9. dxc5 Bxc5 10. Nb3 Bb6 11. Rd1 Re8 12. Qd3 a6 13. Bxc6 bxc6 14. a4 a5
15. Bd2 Ba6 16. Qf5 Ne4 17. Nbd4 Nxf2 18. Kxf2 Bxd4+ 19. Nxd4 Qh4+ 20. Kg1 Qxd4+
21. Kh1 Be2 22. Bc3 Qg4 23. Qxg4 Bxg4 24. Re1 Rxe1+ 25. Rxe1 Be6 26. Kg1 c5 27.
Kf2 d4 28. Bd2 c4 29. Re4 d3 30. cxd3 cxd3 31. Rd4 f6 32. Rxd3 Kf7 33. Rc3 Ra7
34. Rc5 Rb7 35. Rb5 Rxb5 36. axb5 a4 37. Ke3 Ke7 38. Kd4 Kd7 39. Kc5 Kc7 40.
Bf4+ Kb7 41. Bd6 g6 42. Be7 f5 43. g3 Bb3 44. h4 Bd1 45. Bd8 Bf3 46. b6 Bc6 47.
Kd6 Bf3 48. Ke7 Bh5 49. Kf6 Kc6 50. Bc7 Kb7 51. Kg7 Kc6 52. Kxh7 Kb7 53. Kg7 Kc6
54. Kf6 Kb7 55. Ke5 Kc6 56. Kd4 Kb7 57. Ke3 Bg4 58. Kd3 Bh5 59. Kd2 Bg4 60. Kc3
Bh5 61. Kc2 Bg4 62. Bd8 Bf3 63. Kc3 Bc6 64. Kb4 Kc8 65. Bc7 Kb7 66. Kc5 Bf3 67.
Kb5 Bd1 68. Bd8 Bb3 69. Kb4 Bc2 70. Be7 Bd1 71. Kc4 Bb3+ 72. Kb5 Bd1 73. Bc5 Bc2
74. Kc4 Bb3+ 75. Kd4 Bd1 76. Ke5 Bh5 77. Kd6 Bg4 78. Be3 Bh5 79. Bf4 Bg4 80. Be3
Bh5 81. Kc5 Bd1 82. Kd6 Bb3 83. Ke5 Bd1 84. Kf6 Bh5 85. Kg5 Kc6 86. Kf4 Kb7 87.
Kg5 Kc6 88. g4 Bxg4 89. Kxg6 f4 90. Bxf4 Kxb6 91. h5 Bd1 92. Bd6 Bc2+ 93. Kg7
Kc6 94. Ba3 Kb5 95. h6 Kc4 96. h7 Bxh7 97. Kxh7 Kb3 98. Kg6 Kc4 99. Kf5 Kd5 100.
Kf4 Kd4 101. Kf3 Kd3 102. Kf2 Kd2 103. Kf3 Kd3 104. Bc5 Kc2 105. Ba3 Kd3 1/2-1/2

[Event "Titled Tue 26th Aug Late"]
[Site "chess.com INT"]
[Date "2025.08.26"]
[Round "6"]
[White "Paval, George"]
[Black "Mafra, Kaiser Luiz"]
[Result "1-0"]
[BlackTitle "CM"]
[WhiteElo "2139"]
[BlackElo "2080"]
[WhiteFideId "1214233"]
[BlackFideId "2106698"]
[EventDate "2025.08.26"]

1. b3 Nf6 2. Bb2 g6 3. c4 Bg7 4. Nf3 O-O 5. g3 d6 6. d4 c5 7. Bg2 Nc6 8. d5 Nb4
9. O-O Bf5 10. a3 Na6 11. Nc3 Nc7 12. Re1 Rb8 13. a4 a6 14. a5 Ne4 15. Qc1 Nxc3
16. Bxc3 Qd7 17. Bxg7 Kxg7 18. Qc3+ Kg8 19. Ng5 h6 20. Nf3 Bh3 21. Bh1 Ne8 22.
Nd2 Ng7 23. e4 e5 24. dxe6 Nxe6 25. Bg2 Bxg2 26. Kxg2 Rbe8 27. Nf3 Ng5 28. Nxg5
hxg5 29. Rad1 Re6 30. h3 Rfe8 31. f3 Qe7 32. Kf2 Qf6 33. Qxf6 Rxf6 34. Rd5 Re5
35. Rxe5 dxe5 36. Rd1 b6 37. Rd5 Re6 38. g4 f6 39. Rd8+ Kf7 40. Rc8 Rd6 41. Rc7+
Kf8 42. Ke2 bxa5 43. Rxc5 Rb6 44. Rxa5 Rxb3 45. Rxa6 Ke7 46. Ra7+ Kf8 47. c5 Rc3
48. Rc7 Ke8 49. c6 Kd8 50. Rd7+ Ke8 51. Rd6 Ke7 52. Rd7+ Ke8 53. Rg7 Rxc6 54.
Rxg6 Kf7 55. Rh6 Kg7 56. Rh5 Rc3 57. h4 Rc2+ 58. Ke3 gxh4 59. Rxh4 Kg6 60. Rh8
Rc4 61. Rg8+ Kf7 62. Ra8 Kg6 63. Kf2 Rb4 64. Kg3 Rb1 65. Rg8+ Kf7 66. Rc8 Rg1+
67. Kf2 Rb1 68. Kg3 Rg1+ 69. Kh2 Rb1 70. Kg2 Rb2+ 71. Kg3 Rb1 72. Rc2 Rg1+ 73.
Rg2 Rb1 74. Rh2 Rg1+ 75. Kh4 Kg6 76. Rh3 Rf1 77. Kg3 Rg1+ 78. Kf2 Rb1 79. Rh5
Rb2+ 80. Kg3 Rb1 81. Rf5 Rg1+ 82. Kf2 Rb1 83. g5 Rb2+ 84. Kg3 fxg5 85. Rxe5 Rb1
86. Re6+ Kh5 87. Re8 Rg1+ 88. Kf2 Rb1 89. Rh8+ Kg6 90. Rh2 Kf6 91. Kg3 Rg1+ 92.
Rg2 Rb1 93. Rf2 Ke5 94. Rd2 Rg1+ 95. Kf2 Rh1 96. Rd5+ Kf6 97. Rf5+ Kg6 98. Ke3
Re1+ 99. Kd4 Rh1 100. Rb5 Rh3 101. Rf5 g4 102. fxg4 Rg3 103. g5 Rg4 104. Ke5 Rg1
105. Rf8 Kg7 106. Rf5 Kg6 107. Ke6 Rg4 108. e5 Ra4 109. Rf6+ Kxg5 110. Kf7 Ra8
111. e6 Rh8 112. Rg6+ Kf5 113. Rg7 1-0

[Event "Titled Tue 26th Aug Late"]
[Site "chess.com INT"]
[Date "2025.08.26"]
[Round "7"]
[White "Shurakov, Denis"]
[Black "Murawski, Jan"]
[Result "1-0"]
[WhiteTitle "CM"]
[BlackTitle "CM"]
[WhiteElo "2085"]
[BlackElo "2189"]
[WhiteFideId "4149734"]
[BlackFideId "21009287"]
[EventDate "2025.08.26"]

1. Nf3 Nf6 2. d4 d5 3. e3 e6 4. Be2 Be7 5. O-O O-O 6. b3 b6 7. Bb2 Bb7 8. c4
Nbd7 9. Nc3 c5 10. Rc1 cxd4 11. Nxd4 Rc8 12. Bf3 Qc7 13. cxd5 exd5 14. Nxd5 Bxd5
15. Rxc7 Rxc7 16. Bxd5 Nxd5 17. Nf5 N7f6 18. e4 Nc3 1-0

[Event "Titled Tue 26th Aug Late"]
[Site "chess.com INT"]
[Date "2025.08.26"]
[Round "7"]
[White "Henriquez Villagra, Cristobal"]
[Black "Popov, Tikhon"]
[Result "1-0"]
[WhiteTitle "GM"]
[BlackTitle "FM"]
[WhiteElo "2592"]
[BlackElo "2335"]
[WhiteFideId "3409350"]
[BlackFideId "24252026"]
[EventDate "2025.08.26"]

1. e4 e5 2. Nf3 Nc6 3. g3 Nf6 4. d3 d5 5. exd5 Nxd5 6. Bg2 Bg4 7. h3 Bh5 8. O-O
f6 9. Re1 Bc5 10. Nxe5 Bxd1 11. Nxc6+ 1-0

[Event "Titled Tue 26th Aug Late"]
[Site "chess.com INT"]
[Date "2025.08.26"]
[Round "7"]
[White "Barrionuevo, Pablo"]
[Black "Pontes, Luiz Felizola Lima"]
[Result "0-1"]
[WhiteTitle "IM"]
[WhiteElo "2259"]
[BlackElo "1871"]
[WhiteFideId "110566"]
[BlackFideId "44709919"]
[EventDate "2025.08.26"]

1. d4 d5 2. c3 c5 3. Bf4 e5 4. Bxe5 Nc6 5. Bg3 cxd4 6. cxd4 Qb6 7. e3 Qxb2 8.
Nd2 Nb4 9. Bb5+ Bd7 10. Bxd7+ Kxd7 11. Rc1 Nd3+ 12. Kf1 Qxc1 13. Qxc1 Nxc1 14.
Ngf3 f6 15. a4 Na2 16. Ke2 Nb4 17. Rb1 a5 18. Rb2 b6 19. Nb1 Rc8 20. Na3 Bd6 21.
Bxd6 Kxd6 22. Nb5+ Kd7 23. Kd2 Ne7 24. Ne1 Rhe8 25. Nd3 Nxd3 26. Kxd3 Nc6 27.
Nc3 Nb4+ 28. Kd2 Kd6 29. Nb5+ Kd7 30. h3 Rc4 31. Na3 Rc6 32. Nb5 Rec8 0-1

[Event "Titled Tue 26th Aug Late"]
[Site "chess.com INT"]
[Date "2025.08.26"]
[Round "7"]
[White "Kona, Vidip"]
[Black "Lortkipanidze, Nodar"]
[Result "1-0"]
[BlackTitle "IM"]
[WhiteElo "2145"]
[BlackElo "2359"]
[WhiteFideId "30990440"]
[BlackFideId "13604058"]
[EventDate "2025.08.26"]

1. Nf3 e6 2. c4 b6 3. g3 Bb7 4. Bg2 f5 5. d4 Nf6 6. Nc3 Bb4 7. Bd2 O-O 8. Qc2 d6
9. O-O Nbd7 10. Ng5 Bxg2 11. Nxe6 Qe7 12. Nxf8 Bxf1 13. Nxd7 Bh3 14. Nxf6+ Qxf6
15. Nd5 Qxd4 16. Bxb4 Re8 17. Rd1 Qe4 18. Qxe4 Rxe4 19. Nf4 Rxc4 20. Bc3 Bg4 21.
f3 g5 22. Nd5 Bh3 23. Rd4 Rc5 24. b4 Rc6 25. Ne7+ 1-0

[Event "Titled Tue 26th Aug Late"]
[Site "chess.com INT"]
[Date "2025.08.26"]
[Round "7"]
[White "Leiva, Gianmarco"]
[Black "Khadour, Ismael"]
[Result "1-0"]
[WhiteTitle "IM"]
[BlackTitle "FM"]
[WhiteElo "2379"]
[BlackElo "1992"]
[WhiteFideId "3804399"]
[BlackFideId "7601930"]
[EventDate "2025.08.26"]

1. e4 c5 2. Nf3 e6 3. c3 d5 4. exd5 exd5 5. d4 Nf6 6. Bb5+ Bd7 7. Qe2+ Be7 8.
dxc5 O-O 9. Be3 a6 10. Bxd7 Nbxd7 11. b4 a5 12. O-O Ne4 13. Qd3 Bf6 14. Bd4 Re8
15. Nbd2 axb4 16. cxb4 Nb8 17. Bxf6 Qxf6 18. Qxd5 Nxd2 19. Qxd2 Nc6 20. b5 Ne5
21. Nxe5 Rxe5 22. Rac1 Qe6 23. c6 bxc6 24. bxc6 Rxa2 25. Qxa2 Qxa2 26. c7 1-0

[Event "Titled Tue 26th Aug Late"]
[Site "chess.com INT"]
[Date "2025.08.26"]
[Round "7"]
[White "Gerbelli Neto, Eduardo"]
[Black "Tureshbayev, Anuar"]
[Result "1-0"]
[BlackTitle "CM"]
[WhiteElo "2114"]
[BlackElo "2214"]
[WhiteFideId "2103281"]
[BlackFideId "651081709"]
[EventDate "2025.08.26"]

1. e4 c5 2. Nc3 d6 3. f4 Nc6 4. Nf3 e6 5. Bc4 Nf6 6. d3 d5 7. Bb5 dxe4 8. Bxc6+
bxc6 9. Nxe4 Nxe4 10. dxe4 Qb6 11. O-O Be7 12. Ne5 O-O 13. c4 Rd8 14. Qe2 Bf6
15. Be3 Ba6 16. b3 Qc7 17. Bxc5 Bxe5 18. fxe5 Qxe5 19. Qf2 Rd7 20. Rad1 Rad8 21.
Qxf7+ Kh8 22. Qf8+ Rxf8 23. Rxf8# 1-0

[Event "Titled Tue 26th Aug Late"]
[Site "chess.com INT"]
[Date "2025.08.26"]
[Round "7"]
[White "Miserendino, Alfredo"]
[Black "Gajic, Mladen"]
[Result "0-1"]
[BlackTitle "FM"]
[WhiteElo "2032"]
[BlackElo "2246"]
[WhiteFideId "101800"]
[BlackFideId "1709178"]
[EventDate "2025.08.26"]

1. e4 e6 2. d4 d5 3. Nc3 dxe4 4. Nxe4 Bd7 5. Bd3 Bc6 6. Qe2 Nd7 7. Nf3 Ngf6 8.
Ne5 Nxe5 9. dxe5 Nxe4 10. Bxe4 Bxe4 11. Qxe4 c6 12. O-O Be7 13. Bf4 Qd5 14. Rfe1
Qxe4 15. Rxe4 O-O-O 16. Kf1 Rd5 17. Ke2 Rhd8 18. h3 g5 19. Bg3 Rd2+ 20. Ke1 Rxc2
21. Re2 Bb4+ 22. Kf1 Rxe2 23. Kxe2 Rd2+ 24. Ke3 Rxb2 25. a3 Bc5+ 26. Kf3 h5 27.
h4 g4+ 28. Kf4 Bxf2 29. Bxf2 Rxf2+ 30. Kg5 Rf5+ 31. Kh6 c5 32. Rc1 Rxe5 33. Kg7
Rf5 0-1

[Event "Titled Tue 26th Aug Late"]
[Site "chess.com INT"]
[Date "2025.08.26"]
[Round "7"]
[White "Mesquita, Eduardo Barbosa"]
[Black "Pica, Eleni"]
[Result "1-0"]
[BlackTitle "WCM"]
[WhiteElo "2060"]
[BlackElo "1743"]
[WhiteFideId "22757163"]
[BlackFideId "5910005"]
[EventDate "2025.08.26"]

1. e4 c5 2. Nf3 d6 3. d4 cxd4 4. Nxd4 Nf6 5. Nc3 g6 6. f3 Bg7 7. Be3 O-O 8. Qd2
Nc6 9. O-O-O Bd7 10. Bc4 Rc8 11. Bb3 Nxd4 12. Bxd4 b5 13. g4 b4 14. Ne2 a5 15.
h4 a4 16. Bd5 e6 17. Bb7 Rb8 18. Ba6 Qa5 19. Bc4 Rfc8 20. b3 axb3 21. Bxb3 Ba4
22. Kb1 Bxb3 23. cxb3 e5 24. Ba1 Rc6 25. Rc1 Rbc8 26. Rxc6 Rxc6 27. Rc1 Rxc1+
28. Nxc1 Qc5 29. Nd3 Nd7 30. Nxc5 1-0

[Event "Titled Tue 26th Aug Late"]
[Site "chess.com INT"]
[Date "2025.08.26"]
[Round "7"]
[White "Grot, Blazej"]
[Black "Liu, Zachary Hankun"]
[Result "1-0"]
[WhiteTitle "CM"]
[WhiteElo "2207"]
[BlackElo "1998"]
[WhiteFideId "21835845"]
[BlackFideId "2640287"]
[EventDate "2025.08.26"]

1. e4 c5 2. Nf3 d6 3. Bb5+ Bd7 4. Bxd7+ Qxd7 5. O-O Nc6 6. c3 Nf6 7. Re1 g6 8.
d4 cxd4 9. cxd4 Bg7 10. Nc3 O-O 11. Bf4 e6 12. Qd2 Rac8 13. Rad1 a6 14. Bh6 b5
15. Bxg7 Kxg7 16. d5 exd5 17. Nxd5 Nxd5 18. Qxd5 Rcd8 19. e5 Nb4 20. Qd2 Nc6 21.
exd6 Rfe8 22. Rxe8 Rxe8 23. h4 Re6 24. h5 f6 25. h6+ Kf8 26. Qd5 Nd8 27. Nd4
Rxd6 28. Ne6+ Ke7 29. Qxd6+ Qxd6 30. Rxd6 Kxd6 31. Nxd8 Kd7 32. Nb7 Kc6 1-0

[Event "Titled Tue 26th Aug Late"]
[Site "chess.com INT"]
[Date "2025.08.26"]
[Round "7"]
[White "Svane, Rasmus"]
[Black "Germanovs, Georgijs"]
[Result "0-1"]
[WhiteTitle "GM"]
[BlackTitle "CM"]
[WhiteElo "2619"]
[BlackElo "2260"]
[WhiteFideId "4657101"]
[BlackFideId "11609710"]
[EventDate "2025.08.26"]

1. Nf3 Nf6 2. g3 g6 3. Bg2 Bg7 4. O-O c5 5. c4 O-O 6. Nc3 d6 7. d4 cxd4 8. Nxd4
Nc6 9. Nxc6 bxc6 10. Bxc6 Bh3 11. Bxa8 Qxa8 12. f3 Bxf1 13. Kxf1 Qc8 14. Qd3 Nd7
15. b3 Ne5 16. Qe3 Qh3+ 17. Kg1 Nc6 18. Qd3 Ne5 19. Qd2 h5 20. Bb2 h4 21. g4 f5
22. Nd5 fxg4 23. f4 g3 24. hxg3 hxg3 25. Nxe7+ Kh7 0-1

[Event "Titled Tue 26th Aug Late"]
[Site "chess.com INT"]
[Date "2025.08.26"]
[Round "7"]
[White "Mafra, Kaiser Luiz"]
[Black "Rabin, Evan"]
[Result "0-1"]
[WhiteTitle "CM"]
[WhiteElo "2080"]
[BlackElo "1945"]
[WhiteFideId "2106698"]
[BlackFideId "2028670"]
[EventDate "2025.08.26"]

1. d4 Nf6 2. Nc3 d5 3. Bf4 c5 4. e3 cxd4 5. exd4 a6 6. Bd3 Nc6 7. Nge2 Bg4 8. f3
Bh5 9. Qd2 e6 10. g4 Bg6 11. h4 Bd6 12. h5 Bxd3 13. Qxd3 h6 14. O-O-O Qc7 15.
Bxd6 Qxd6 16. Rdg1 O-O-O 17. Na4 Kb8 18. Nc5 Rc8 19. Qb3 Nd8 20. Nc3 Ka7 21.
N3a4 b5 22. Nc3 Qf4+ 23. Kb1 Qxd4 24. Nd3 Qc4 25. Qa3 Nc6 26. f4 b4 0-1

[Event "Titled Tue 26th Aug Late"]
[Site "chess.com INT"]
[Date "2025.08.26"]
[Round "7"]
[White "Itkis, Boris"]
[Black "Kovacs, Reka"]
[Result "1-0"]
[WhiteTitle "IM"]
[BlackTitle "WCM"]
[WhiteElo "2250"]
[BlackElo "1915"]
[WhiteFideId "1209167"]
[BlackFideId "790702"]
[EventDate "2025.08.26"]

1. d4 Nf6 2. c4 e6 3. Nf3 b6 4. g3 Bb7 5. Bg2 Bb4+ 6. Bd2 Bxd2+ 7. Nbxd2 O-O 8.
O-O c5 9. e3 cxd4 10. exd4 d5 11. cxd5 Nxd5 12. Re1 Nc6 13. Nc4 Qf6 14. Nce5
Nxe5 15. dxe5 Qg6 16. Qb3 Rfd8 17. Nd4 Rac8 18. Nb5 Ra8 19. Nd6 Bc6 20. Rac1 1-0

[Event "Titled Tue 26th Aug Late"]
[Site "chess.com INT"]
[Date "2025.08.26"]
[Round "7"]
[White "Erdogan, Anil Berk"]
[Black "Ebrahimi Herab, Hamidreza"]
[Result "0-1"]
[WhiteTitle "CM"]
[BlackTitle "FM"]
[WhiteElo "2091"]
[BlackElo "2385"]
[WhiteFideId "6348173"]
[BlackFideId "22512888"]
[EventDate "2025.08.26"]

1. e4 c5 2. Nf3 e6 3. d4 cxd4 4. Nxd4 Nf6 5. Nc3 Nc6 6. Nb3 d5 7. Bd3 Be7 8. O-O
O-O 9. exd5 exd5 10. Bg5 h6 11. Bh4 Bg4 12. Be2 Be6 13. Nd4 Nxd4 14. Qxd4 Qa5
15. Bf3 Rac8 16. Rfe1 Rc4 17. Bxf6 Bxf6 18. Qd3 Bxc3 19. bxc3 Rxc3 20. Qd2 Qc5
21. Re2 Rc8 22. Rc1 b5 23. Qf4 d4 24. h4 d3 25. Rd2 Rxc2 26. Rcd1 Rxd2 27. Qxd2
Rd8 28. Be4 Bc4 29. Qf4 Qd4 30. g4 Kh8 31. Qf5 g6 32. Qf4 Kg7 33. h5 Re8 34.
hxg6 Rxe4 35. Qxf7+ Bxf7 0-1

[Event "Titled Tue 26th Aug Late"]
[Site "chess.com INT"]
[Date "2025.08.26"]
[Round "7"]
[White "Goldin, Roman"]
[Black "Pribelszky, Bence"]
[Result "1-0"]
[WhiteTitle "FM"]
[BlackTitle "IM"]
[WhiteElo "2284"]
[BlackElo "2428"]
[WhiteFideId "2803860"]
[BlackFideId "769738"]
[EventDate "2025.08.26"]

1. e4 e6 2. d4 d5 3. Nd2 Be7 4. Ngf3 Nf6 5. exd5 exd5 6. g3 h5 7. Bg2 Nc6 8. Nf1
Ne4 9. Ne3 h4 10. O-O hxg3 11. fxg3 Bh3 12. c4 Bxg2 13. Kxg2 Qd7 14. h4 dxc4 15.
d5 Qd6 16. Nf5 Qg6 17. dxc6 Qxf5 18. cxb7 Rb8 19. Qa4+ Kf8 20. Qxa7 Rc8 21. Qa8
Nd6 22. bxc8=Q+ Nxc8 23. Ng5 Qd7 24. Rxf7+ Kg8 25. Rxe7 Qxe7 26. Qxc8+ Qf8 27.
Qe6+ Qf7 28. Qxf7# 1-0

[Event "Titled Tue 26th Aug Late"]
[Site "chess.com INT"]
[Date "2025.08.26"]
[Round "7"]
[White "Arabidze, Meri"]
[Black "Khlebovich, Alexander"]
[Result "0-1"]
[WhiteTitle "IM"]
[BlackTitle "IM"]
[WhiteElo "2444"]
[BlackElo "2423"]
[WhiteFideId "13604040"]
[BlackFideId "4169123"]
[EventDate "2025.08.26"]

1. d4 Nf6 2. c4 g6 3. g3 Bg7 4. Bg2 d5 5. cxd5 Nxd5 6. Nf3 O-O 7. O-O c5 8. dxc5
Na6 9. c6 bxc6 10. a3 Qb6 11. Qc2 Nc5 12. Nbd2 Rb8 13. e4 Nc7 14. Rb1 Ba6 15. b4
Bd3 16. bxc5 Qxb1 17. Qxb1 Bxb1 18. Nc4 Bd3 19. Bf4 Bxf1 20. Bxf1 Rbc8 21. Bh3
Ne6 22. Bxe6 fxe6 23. e5 h6 24. h4 Rfd8 25. Ne3 Rd3 26. Kg2 Rxa3 27. Nd4 Kf7 28.
Nec2 Rc3 0-1